Jaroslav Auerswald : profil umělce, člověka a jeho doby /

Hlavní autor: Tauš, Karel, 1897-1984
Jazyk: Čeština
Vydáno: V Brně : Moravia-Press :Ústřední závod hudební [distributor], 1931
Edice: Knížky o divadle (Moravia-Press)
Externí odkaz: Digitalizovaný dokument
Fyzický popis: 77 s., [1] l. obr. příl. : portrét ; 25 cm
Knihy
Uloženo v:
LEADER 01126nam a22002772a 4500
001 001748773
003 CZ BrMZK
005 20221005115559.0
007 ta
008 200514s1931 xr er|||||||||||cze d
015 |a cnb000550248 
020 |q (Brož.) :  |c Kč 35,00 (podepsaný výt. Kč 50,00) 
035 |a (OCoLC)85393074 
040 |a ABA001  |b cze  |c CBA001  |d ABA001 
100 1 |a Tauš, Karel,  |d 1897-1984  |7 jk01132122  |4 aut 
245 1 0 |a Jaroslav Auerswald :  |b profil umělce, člověka a jeho doby /  |c Karel Tauš 
260 |a V Brně :  |b Moravia-Press :  |b Ústřední závod hudební [distributor],  |c 1931 
300 |a 77 s., [1] l. obr. příl. :  |b portrét ;  |c 25 cm 
490 1 |a Knížky o divadle ;  |v sv. 2 
500 |a 500 výt., z nichž 50 čísl. je podepsáno autorem 
830 0 |a Knížky o divadle (Moravia-Press)  |0 s 
856 4 1 |u http://www.digitalniknihovna.cz/mzk/uuid/uuid:7450c9b0-13fe-11e4-8f64-005056827e52  |y Digitalizovaný dokument  |x NDK 
910 |a BOA001  |b 2-0122.064 
990 |a BK 
991 |b 202005 
996 6 |b 2618831603  |c 2-0122.064  |l MZK  |r Sklad / do 24 hodin  |n 0  |w 001801127  |u 000010  |a 1  |e BOA001  |j MZK50  |s P